Twenty One Pilots - Bounce Man (Lyrics) - Statistics

General Stats
  • This quiz has been taken 7 times
  • The average score is 309 of 348
Answer Stats
Answer % Correct
a
100%
and
100%
be
100%
bounce
100%
break
100%
come
100%
couple
100%
do
100%
don't
100%
down
100%
head
100%
house
100%
I
100%
if
100%
I'll
100%
in
100%
it
100%
know
100%
lady
100%
let
100%
long
100%
man
100%
me
100%
Mexico
100%
my
100%
on
100%
out
100%
should
100%
so
100%
the
100%
then
100%
this
100%
to
100%
You
100%
you
100%
you'll
100%
your
100%
ba
83%
bands
83%
boy
83%
'cause
83%
crossed
83%
good
83%
lines
83%
matter
83%
more
83%
need
83%
news
83%
nightly
83%
no
83%
now
83%
oh
83%
old
83%
one
83%
saw
83%
song
83%
straight
83%
they
83%
voicemail
83%
went
83%
yeah
83%
you're
83%
you've
83%
ain't
67%
all
67%
along
67%
amenities
67%
away
67%
been
67%
but
67%
crying
67%
face
67%
fine
67%
float
67%
for
67%
friend
67%
got
67%
have
67%
just
67%
knocking
67%
make
67%
must
67%
pedigree
67%
phone
67%
reply
67%
running
67%
she's
67%
sing
67%
soldiers
67%
state
67%
tell
67%
told
67%
we'll
67%
what'd
67%
wife
67%
wrong
67%
her
50%
piece
50%
stopping
50%
before
33%
da
33%
haha
0%
No matching quizzes found
Score Distribution
Percent of People with Each Score
Percentile by Number Answered
Your Score History
You have not taken this quiz